000 01080nmm a2200301 a 4500
001 ocm0002015357
003 TR-IsHL
005 20201028175321.0
008 181025s2018 tu tur
007 cr cn
020 _a9786052810576 9786052810583 ( e-book)
035 _a2015357
_b(N$T)
050 0 4 _aHF1379
_b.K67 2018
090 0 4 _aHF1379
_b.K67 2018
100 1 _aKöse, Zeynep
245 1 0 _aEndüstri içi ticaret: teori ve uygulama
_h[electronic resource] /
_cZeynep Köse ; genel yayın editörü Hatice Bahtiyar
250 _a1. Baskı
260 _aİstanbul :
_bHiperlink Yayınları,
_c2018
300 _a211 p.
500 _aIncludes bibliographical references and index
650 4 _aEkonomi ve Finans
650 4 _aEconomics and Finance
650 0 _aInternational trade
650 0 _aUluslararası ticaret
650 7 _aBUSINESS & ECONOMICS / Commerce
_2bisacsh
700 1 _aBahtiyar, Hatice
856 4 0 _uhttp://search.ebscohost.com/login.aspx?direct=true&scope=site&db=e011xww&AN=2015357
999 _c18611
_d18611